[Event "Leicester H E Atkins Mem"]
[Site "Leicester"]
[Date "2010.10.02"]
[Round "3"]
[White "Sygnowski, Tomasz"]
[Black "Murphy, Hugh W"]
[Result "0-1"]
[WhiteElo "2060"]
[BlackElo "2194"]
[PlyCount "142"]
[EventDate "2010.10.01"]
[EventType "swiss"]
[EventRounds "5"]
[EventCountry "ENG"]
[SourceTitle "BritBase"]
[Source "John Saunders"]
[SourceDate "2016.01.15"]
[SourceVersion "1"]
[SourceVersionDate "2016.01.15"]
[SourceQuality "1"]

1. e4 c6 2. d4 d5 3. exd5 cxd5 4. Bd3 Nc6 5. Nf3 Bg4 6. c3 Qc7 7. O-O e6 8.
Nbd2 Bd6 9. Qa4 Nge7 10. Re1 O-O 11. Ne5 Bf5 12. Bxf5 Nxf5 13. Ndf3 a6 14. Qd1
b5 15. Nxc6 Qxc6 16. Qd3 Qc4 17. Qxc4 dxc4 18. Bg5 f6 19. Bd2 Kf7 20. Kf1 Ne7
21. h3 Nd5 22. Ke2 Rab8 23. Kd1 Rfc8 24. a3 a5 25. Kc2 Ra8 26. g3 Ke7 27. Nh4
Kf7 28. Ng2 Rc7 29. Ne3 Nb6 30. f4 g6 31. Ng4 Re8 32. Rf1 Nd5 33. Rae1 Rb7 34.
Ne3 Reb8 35. g4 Nxe3+ 36. Rxe3 f5 37. Rfe1 Re7 38. Rf3 Ke8 39. g5 Kd7 40. h4
Kc6 41. h5 Kd5 42. Rh3 Reb7 43. Rhe3 Re7 44. Rh3 b4 45. axb4 axb4 46. cxb4 Bxb4
47. Re5+ Kd6 48. Bxb4+ Rxb4 49. hxg6 hxg6 50. Ra3 Reb7 51. Kc3 Rxb2 52. Kxc4
Rc7+ 53. Kd3 Rc6 54. Raa5 Rb3+ 55. Kd2 Rb4 56. Rxe6+ Kxe6 57. d5+ Kd6 58. dxc6
Rxf4 59. c7 Kxc7 60. Ra6 Rd4+ 61. Ke3 Rd6 62. Ra7+ Kc6 63. Rg7 Kd5 64. Kf4 Re6
65. Rd7+ Kc6 66. Rg7 Kd6 67. Ra7 Re4+ 68. Kf3 Re6 69. Kf4 Kd5 70. Ra5+ Kd4 71.
Rxf5 Re4+ 0-1

[Event "Leicester H E Atkins Mem"]
[Site "Leicester"]
[Date "2010.10.02"]
[Round "3"]
[White "Thompson, Ian D"]
[Black "Coates, David H"]
[Result "1/2-1/2"]
[WhiteElo "2268"]
[BlackElo "2068"]
[PlyCount "76"]
[EventDate "2010.10.01"]
[EventType "swiss"]
[EventRounds "5"]
[EventCountry "ENG"]
[SourceTitle "BritBase"]
[Source "John Saunders"]
[SourceDate "2016.01.15"]
[SourceVersion "1"]
[SourceVersionDate "2016.01.15"]
[SourceQuality "1"]

1. c4 c5 2. Nc3 Nc6 3. g3 g6 4. Bg2 Bg7 5. d3 e5 6. e3 Nge7 7. Nge2 O-O 8. O-O
d6 9. h3 Be6 10. Nd5 Rb8 11. Nec3 Qd7 12. Kh2 f5 13. Rb1 b6 14. b3 a6 15. a4 a5
16. Bb2 Kh8 17. f4 Bg8 18. Nxe7 Nxe7 19. Qf3 Be6 20. Rfd1 Rfc8 21. Rd2 Nc6 22.
Rbd1 Nb4 23. Qf2 Rd8 24. Nb5 Qe7 25. d4 e4 26. Bf1 Bf7 27. d5 Be8 28. Nc3 Bd7
29. Ba1 Rf8 30. Na2 Nxa2 31. Rxa2 Rbe8 32. Be2 Bxa1 33. Rdxa1 h5 34. Rg1 Kg7
35. Bd1 Rh8 36. Qb2+ Kf7 37. Qc3 Reg8 38. h4 Qf6 1/2-1/2

[Event "Leicester H E Atkins Mem"]
[Site "Leicester"]
[Date "2010.10.02"]
[Round "3"]
[White "Vikas R Sharma"]
[Black "Byron, Alan M"]
[Result "1-0"]
[WhiteElo "2075"]
[BlackElo "2190"]
[PlyCount "51"]
[EventDate "2010.10.01"]
[EventType "swiss"]
[EventRounds "5"]
[EventCountry "ENG"]
[SourceTitle "BritBase"]
[Source "John Saunders"]
[SourceDate "2016.01.15"]
[SourceVersion "1"]
[SourceVersionDate "2016.01.15"]
[SourceQuality "1"]

1. e4 c6 2. d4 d5 3. Nc3 dxe4 4. Nxe4 Nf6 5. Nxf6+ exf6 6. c3 Bd6 7. Bd3 O-O 8.
Ne2 Qc7 9. Qc2 g6 10. Bh6 Re8 11. O-O-O Be6 12. h4 Qa5 13. h5 g5 14. a3 b5 15.
f4 Bg4 16. fxg5 Bxe2 17. Bxh7+ Kh8 18. Qf5 Nd7 19. gxf6 Bf8 20. Qg5 Nxf6 21.
Qxf6+ Kxh7 22. Qxf7+ Kh8 23. Bg5 Be7 24. Bxe7 Rxe7 25. Qxe7 Bxd1 26. h6 1-0

[Event "Leicester H E Atkins Mem"]
[Site "Leicester"]
[Date "2010.10.03"]
[Round "4"]
[White "Ali, Golam S"]
[Black "Baruch, Andrew J D"]
[Result "1-0"]
[WhiteElo "1827"]
[BlackElo "2113"]
[PlyCount "79"]
[EventDate "2010.10.01"]
[EventType "swiss"]
[EventRounds "5"]
[EventCountry "ENG"]
[SourceTitle "BritBase"]
[Source "John Saunders"]
[SourceDate "2016.01.15"]
[SourceVersion "1"]
[SourceVersionDate "2016.01.15"]
[SourceQuality "1"]

1. d4 g6 2. c4 Bg7 3. Nc3 d6 4. e4 e5 5. d5 f5 6. exf5 gxf5 7. Qh5+ Kf8 8. Bg5
Qe8 9. Qh4 Na6 10. Be2 Ne7 11. Nh3 Ng6 12. Qh5 h6 13. Bd2 Bd7 14. O-O Ne7 15.
Qh4 Qg6 16. f4 Bf6 17. Qf2 e4 18. Kh1 Kg7 19. Be3 Kh7 20. Rg1 Rhg8 21. Qe1 Qf7
22. Qd1 Nc5 23. Nf2 a5 24. g4 fxg4 25. Bxc5 dxc5 26. Ncxe4 Bd4 27. Bxg4 Bf5 28.
Qf3 b6 29. Rae1 Bxb2 30. d6 Nc6 31. Ng5+ hxg5 32. Qh3+ Kg7 33. Bxf5 cxd6 34.
Rxg5+ Kf8 35. Be6 Rh8 36. Qg3 Qf6 37. Rf5 Qxf5 38. Bxf5 Nd4 39. Be4 Ra7 40. Qg6
1-0

[Event "Leicester H E Atkins Mem"]
[Site "Leicester"]
[Date "2010.10.03"]
[Round "4"]
[White "Bowmer, Kevin"]
[Black "Shamash, Michelle"]
[Result "1-0"]
[WhiteElo "2122"]
[BlackElo "1740"]
[PlyCount "87"]
[EventDate "2010.10.01"]
[EventType "swiss"]
[EventRounds "5"]
[EventCountry "ENG"]
[SourceTitle "BritBase"]
[Source "John Saunders"]
[SourceDate "2016.01.15"]
[SourceVersion "1"]
[SourceVersionDate "2016.01.15"]
[SourceQuality "1"]

1. e4 e6 2. d4 d5 3. Nd2 dxe4 4. Nxe4 Nd7 5. Nf3 Ngf6 6. Bd3 Nxe4 7. Bxe4 Nf6
8. Bd3 c5 9. O-O cxd4 10. Nxd4 Be7 11. c3 O-O 12. Qe2 a6 13. Re1 Bc5 14. Nb3
Be7 15. Bg5 Nd5 16. Bxe7 Qxe7 17. Bxh7+ Kxh7 18. Qh5+ Kg8 19. Qxd5 Rb8 20. Rad1
b6 21. Qd6 Qxd6 22. Rxd6 a5 23. Nd4 Ba6 24. Nc6 Rb7 25. Red1 a4 26. R1d4 Bb5
27. c4 Bxc6 28. Rxc6 Ra8 29. Kf1 Kf8 30. Ke2 Ke7 31. Kd3 Rd8 32. Rxd8 Kxd8 33.
Rd6+ Kc7 34. Rd4 Kc6 35. Kc3 Kc5 36. Rd8 b5 37. Rc8+ Kd6 38. cxb5 Rxb5 39. Rc4
Rc5 40. Rxc5 Kxc5 41. b4+ Kb5 42. a3 e5 43. h4 f5 44. h5 1-0

[Event "Leicester H E Atkins Mem"]
[Site "Leicester"]
[Date "2010.10.03"]
[Round "4"]
[White "Byron, Alan M"]
[Black "Robinson, John K"]
[Result "1-0"]
[WhiteElo "2190"]
[BlackElo "2014"]
[PlyCount "79"]
[EventDate "2010.10.01"]
[EventType "swiss"]
[EventRounds "5"]
[EventCountry "ENG"]
[SourceTitle "BritBase"]
[Source "John Saunders"]
[SourceDate "2016.01.15"]
[SourceVersion "1"]
[SourceVersionDate "2016.01.15"]
[SourceQuality "1"]

1. e4 e5 2. Nf3 Nc6 3. Bb5 a6 4. Ba4 Nf6 5. O-O Nxe4 6. d4 b5 7. Bb3 Be7 8.
dxe5 Nc5 9. Bd5 Bb7 10. Nc3 O-O 11. Re1 Rb8 12. a3 b4 13. Ne4 Ne6 14. axb4 Nxb4
15. Bxb7 Rxb7 16. c3 Nc6 17. Rxa6 Ra7 18. Rxa7 Nxa7 19. Be3 Nc6 20. Qd5 Qa8 21.
b4 Ncd4 22. Qxa8 Nxf3+ 23. gxf3 Rxa8 24. Rd1 d6 25. exd6 cxd6 26. Rd2 f5 27.
Nxd6 f4 28. Bb6 Ra1+ 29. Kg2 Ng5 30. Ne4 Nf7 31. Bc7 g5 32. b5 h5 33. b6 Rb1
34. Rd5 Kg7 35. c4 h4 36. h3 Kg6 37. Nc3 Rb2 38. Rb5 Rxb5 39. Nxb5 Bd8 40. b7
1-0

[Event "Leicester H E Atkins Mem"]
[Site "Leicester"]
[Date "2010.10.03"]
[Round "4"]
[White "Coates, David H"]
[Black "Burrows, Martin P"]
[Result "1/2-1/2"]
[WhiteElo "2068"]
[BlackElo "2172"]
[PlyCount "36"]
[EventDate "2010.10.01"]
[EventType "swiss"]
[EventRounds "5"]
[EventCountry "ENG"]
[SourceTitle "BritBase"]
[Source "John Saunders"]
[SourceDate "2016.01.15"]
[SourceVersion "1"]
[SourceVersionDate "2016.01.15"]
[SourceQuality "1"]

1. d4 Nf6 2. c4 e6 3. Nc3 Bb4 4. Qc2 d5 5. a3 Bxc3+ 6. Qxc3 Ne4 7. Qc2 c5 8.
dxc5 Nc6 9. e3 Qa5+ 10. Bd2 Qxc5 11. b4 Qe7 12. Bc1 O-O 13. Nf3 Ng5 14. Be2
Nxf3+ 15. Bxf3 Ne5 16. Be2 Nxc4 17. Bxc4 dxc4 18. Qxc4 e5 1/2-1/2

[Event "Leicester H E Atkins Mem"]
[Site "Leicester"]
[Date "2010.10.03"]
[Round "4"]
[White "David, Ivan"]
[Black "Alderson, John K A"]
[Result "1-0"]
[WhiteElo "1970"]
[BlackElo "1882"]
[PlyCount "67"]
[EventDate "2010.10.01"]
[EventType "swiss"]
[EventRounds "5"]
[EventCountry "ENG"]
[SourceTitle "BritBase"]
[Source "John Saunders"]
[SourceDate "2016.01.15"]
[SourceVersion "1"]
[SourceVersionDate "2016.01.15"]
[SourceQuality "1"]

1. e4 d6 2. d4 Nf6 3. Nc3 g6 4. Bg5 Bg7 5. f4 O-O 6. e5 Nfd7 7. Bc4 Nb6 8. Bb3
dxe5 9. dxe5 Qxd1+ 10. Rxd1 Bg4 11. Nge2 Nc6 12. h3 Bxe2 13. Kxe2 e6 14. Ne4
Na5 15. g3 Nxb3 16. axb3 h6 17. Be7 Rfe8 18. Bf6 Bf8 19. c4 a5 20. Kd3 a4 21.
Kc2 axb3+ 22. Kxb3 Ra4 23. Bd8 Rb4+ 24. Ka2 Be7 25. Bxe7 Rxe7 26. Rd8+ Kg7 27.
Nf6 Ra4+ 28. Kb1 Ra8 29. Rhd1 h5 30. Rxa8 Nxa8 31. Rd8 Nb6 32. b3 c6 33. Kc2
Rc7 34. Ne8+ 1-0

[Event "Leicester H E Atkins Mem"]
[Site "Leicester"]
[Date "2010.10.03"]
[Round "4"]
[White "Denton, John"]
[Black "Broughton, Daniel"]
[Result "1-0"]
[WhiteElo "2066"]
[BlackElo "1914"]
[PlyCount "81"]
[EventDate "2010.10.01"]
[EventType "swiss"]
[EventRounds "5"]
[EventCountry "ENG"]
[SourceTitle "BritBase"]
[Source "John Saunders"]
[SourceDate "2016.01.15"]
[SourceVersion "1"]
[SourceVersionDate "2016.01.15"]
[SourceQuality "1"]

1. d4 e6 2. Nf3 d5 3. c4 Nf6 4. Nc3 Be7 5. cxd5 exd5 6. Bf4 c6 7. Qc2 Bg4 8.
Ne5 Bh5 9. e3 Nbd7 10. Bd3 a6 11. h3 Bg6 12. Nxg6 hxg6 13. O-O-O b5 14. f3 a5
15. e4 a4 16. exd5 Nxd5 17. Nxd5 cxd5 18. Kb1 Rc8 19. Qe2 O-O 20. Bxb5 a3 21.
b3 Nb8 22. Rc1 Bf6 23. Rxc8 Qxc8 24. Qd3 Qe6 25. Rc1 Nd7 26. Bd2 Rb8 27. g4 Nf8
28. Ba4 Qb6 29. Bf4 Ra8 30. Rc6 Qxd4 31. Qxd4 Bxd4 32. Rd6 Ne6 33. Bc1 Nc5 34.
Bc6 Ra6 35. Rxd5 Bf2 36. Bb5 Ra8 37. Bc4 Ne6 38. Rd7 Bc5 39. Bd2 Rb8 40. f4 Rd8
41. Bxe6 1-0

[Event "Leicester H E Atkins Mem"]
[Site "Leicester"]
[Date "2010.10.03"]
[Round "4"]
[White "Ganger, Rajan"]
[Black "Sygnowski, Tomasz"]
[Result "1-0"]
[WhiteElo "1931"]
[BlackElo "2060"]
[PlyCount "105"]
[EventDate "2010.10.01"]
[EventType "swiss"]
[EventRounds "5"]
[EventCountry "ENG"]
[SourceTitle "BritBase"]
[Source "John Saunders"]
[SourceDate "2016.01.15"]
[SourceVersion "1"]
[SourceVersionDate "2016.01.15"]
[SourceQuality "1"]

1. e4 e6 2. d4 d5 3. exd5 exd5 4. Nf3 Nf6 5. Bd3 Bd6 6. O-O O-O 7. Bg5 Bg4 8.
Nbd2 Nbd7 9. c4 dxc4 10. Nxc4 Be7 11. Nce5 Nxe5 12. dxe5 Nd7 13. Bf4 Nc5 14.
Be2 c6 15. Qc2 Ne6 16. Be3 Qa5 17. Qc3 Bb4 18. Qc4 Bh5 19. Qh4 Bg6 20. a3 Bc3
21. bxc3 Qxc3 22. Qb4 Qc2 23. Bd1 Qd3 24. Rc1 a5 25. Qxb7 Qxa3 26. Qxc6 Rfb8
27. Qa4 Qb2 28. Qa1 a4 29. Qxb2 Rxb2 30. Bxa4 Bd3 31. Rfe1 h6 32. Bc6 Ra5 33.
Ra1 Rxa1 34. Rxa1 g5 35. h3 Kg7 36. Bd5 Nc7 37. Bd4 Rb4 38. Bxf7 Nb5 39. Rd1
Be2 40. e6+ Nxd4 41. Rxd4 Rb1+ 42. Kh2 Bxf3 43. gxf3 Kf6 44. f4 Re1 45. fxg5+
hxg5 46. Rd3 Ke7 47. Kg3 Re5 48. h4 Ra5 49. h5 g4 50. Kxg4 Rb5 51. h6 Ra5 52.
h7 Rb5 53. Rd7+ 1-0

[Event "Leicester H E Atkins Mem"]
[Site "Leicester"]
[Date "2010.10.03"]
[Round "4"]
[White "Hebden, Mark L"]
[Black "Thompson, Ian D"]
[Result "1-0"]
[WhiteElo "2556"]
[BlackElo "2268"]
[PlyCount "115"]
[EventDate "2010.10.01"]
[EventType "swiss"]
[EventRounds "5"]
[EventCountry "ENG"]
[SourceTitle "BritBase"]
[Source "John Saunders"]
[SourceDate "2016.01.15"]
[SourceVersion "1"]
[SourceVersionDate "2016.01.15"]
[SourceQuality "1"]

1. d4 d5 2. Nf3 Nf6 3. c4 e6 4. Bg5 Nbd7 5. e3 c6 6. Nbd2 Be7 7. Rc1 h6 8. Bf4
c5 9. cxd5 Nxd5 10. Bg3 O-O 11. Bb5 a6 12. Bxd7 Bxd7 13. dxc5 Rc8 14. Nb3 Ba4
15. O-O Rxc5 16. Rxc5 Bxc5 17. e4 Bxb3 18. Qxb3 Nb6 19. Ne5 Qe7 20. Rc1 Rc8 21.
Kf1 Bd4 22. Rxc8+ Nxc8 23. Qc4 Qc5 24. Qxc5 Bxc5 25. Nd7 Bd4 26. Bc7 Bxb2 27.
Nc5 b6 28. Nxa6 Kf8 29. Ke2 Ke7 30. Nb8 Ba3 31. e5 Bc5 32. a4 f6 33. f4 Bg1 34.
h3 g5 35. fxg5 hxg5 36. exf6+ Kxf6 37. g4 Ke7 38. Bg3 Bc5 39. Nc6+ Kd7 40. Ne5+
Ke7 41. Nf3 Kf6 42. Nd2 Kg6 43. Ne4 Be7 44. Kd3 Bd8 45. Kc4 Ne7 46. Kb5 Nd5 47.
Kc6 Kf7 48. Be5 Nb4+ 49. Kd7 Be7 50. Bd6 Bxd6 51. Kxd6 Nd3 52. Nxg5+ Kg6 53.
Ne4 Nb2 54. Nc3 Kg5 55. Kxe6 Nd3 56. Kd6 Kh4 57. Nd5 Kxh3 58. g5 1-0

[Event "Leicester H E Atkins Mem"]
[Site "Leicester"]
[Date "2010.10.03"]
[Round "4"]
[White "Ilett, Raymond J"]
[Black "Cole, Tristram"]
[Result "1-0"]
[WhiteElo "1896"]
[BlackElo "1882"]
[PlyCount "69"]
[EventDate "2010.10.01"]
[EventType "swiss"]
[EventRounds "5"]
[EventCountry "ENG"]
[SourceTitle "BritBase"]
[Source "John Saunders"]
[SourceDate "2016.01.15"]
[SourceVersion "1"]
[SourceVersionDate "2016.01.15"]
[SourceQuality "1"]

1. d4 e6 2. c4 d5 3. Nc3 Nf6 4. Bg5 Be7 5. e3 O-O 6. Nf3 h6 7. Bh4 Ne4 8. Bxe7
Qxe7 9. Qc2 Nxc3 10. Qxc3 dxc4 11. Bxc4 b6 12. O-O Bb7 13. Ne5 Nd7 14. f4 Rac8
15. Rad1 Nf6 16. f5 Bd5 17. Ba6 Rcd8 18. fxe6 Qxe6 19. Qxc7 Bxa2 20. Rc1 Nd5
21. Qxa7 Ra8 22. Qb7 Rfb8 23. Rc6 Rxb7 24. Bxb7 Qe8 25. Bxa8 Qxa8 26. Rfc1 Qa6
27. Rc8+ Kh7 28. Nxf7 g5 29. Ne5 Qe2 30. Rf1 Qxe3+ 31. Kh1 Nf4 32. Rc7+ Kg8 33.
Rc8+ Kg7 34. Rc7+ Kf6 35. Ng4+ 1-0

[Event "Leicester H E Atkins Mem"]
[Site "Leicester"]
[Date "2010.10.03"]
[Round "4"]
[White "Jaszkiwskyj, Peter"]
[Black "Maciol, Ryszard"]
[Result "1/2-1/2"]
[WhiteElo "1952"]
[BlackElo "2205"]
[PlyCount "112"]
[EventDate "2010.10.01"]
[EventType "swiss"]
[EventRounds "5"]
[EventCountry "ENG"]
[SourceTitle "BritBase"]
[Source "John Saunders"]
[SourceDate "2016.01.15"]
[SourceVersion "1"]
[SourceVersionDate "2016.01.15"]
[SourceQuality "1"]

1. d4 Nf6 2. Nf3 e6 3. c4 c5 4. e3 cxd4 5. exd4 d5 6. Nc3 Nc6 7. h3 Be7 8. Be3
O-O 9. Rc1 Qb6 10. Qb3 dxc4 11. Qxb6 axb6 12. Bxc4 Bd7 13. O-O Rfd8 14. Rfd1
Na5 15. Be2 Bc6 16. Bf4 Rac8 17. Nb5 Nd5 18. Bg3 f6 19. Bd3 Nb4 20. Na7 Bxf3
21. Nxc8 Bxd1 22. Nxe7+ Kf8 23. Bxh7 Kxe7 24. Rxd1 f5 25. Bc7 Rh8 26. Bxb6 Nac6
27. Bxf5 exf5 28. d5 Nxa2 29. dxc6 bxc6 30. Bc5+ Ke6 31. Rd6+ Ke5 32. Rxc6 Rd8
33. Ra6 Nc1 34. b4 Rd1+ 35. Kh2 Nd3 36. Ra3 g5 37. Ra5 Rb1 38. Be3+ Ke6 39. b5
f4 40. Ba7 Rb2 41. Ra3 Nxf2 42. Bxf2 Rxf2 43. Rb3 Kd7 44. b6 Kc8 45. b7+ Kb8
46. Kg1 Rc2 47. Rb5 Rc1+ 48. Kh2 Rc2 49. Rxg5 f3 50. Kg1 Rc1+ 51. Kf2 fxg2 52.
Kxg2 Kxb7 53. Rd5 Kc6 54. Rd8 Kc7 55. Rd3 Rc6 56. h4 Rd6 1/2-1/2

[Event "Leicester H E Atkins Mem"]
[Site "Leicester"]
[Date "2010.10.03"]
[Round "4"]
[White "Mercs, Peter J"]
[Black "Vikas R Sharma"]
[Result "1-0"]
[WhiteElo "2082"]
[BlackElo "2075"]
[PlyCount "97"]
[EventDate "2010.10.01"]
[EventType "swiss"]
[EventRounds "5"]
[EventCountry "ENG"]
[SourceTitle "BritBase"]
[Source "John Saunders"]
[SourceDate "2016.01.15"]
[SourceVersion "1"]
[SourceVersionDate "2016.01.15"]
[SourceQuality "1"]

1. e4 c5 2. Nf3 d6 3. d4 cxd4 4. Nxd4 Nf6 5. Nc3 a6 6. Be2 e5 7. Nb3 Be7 8. O-O
O-O 9. a4 Nc6 10. Be3 Be6 11. Bf3 Rc8 12. Qd2 Nb4 13. Rfd1 Qc7 14. a5 Rfe8 15.
Bb6 Qb8 16. Rac1 Nd7 17. Nd5 Nxd5 18. exd5 Bf5 19. Be3 b5 20. axb6 Nxb6 21. Be2
Nc4 22. Bxc4 Rxc4 23. Na5 Rg4 24. Nc6 Qc8 25. f3 Rg6 26. Nxe7+ Rxe7 27. Kh1 Rc7
28. c3 h5 29. Bf2 e4 30. f4 Bg4 31. Re1 Qf5 32. Qe3 Re7 33. Bh4 Re8 34. c4 Bf3
35. gxf3 Qh3 36. Bg5 f6 37. fxe4 Qxe3 38. Rxe3 fxg5 39. f5 Rf6 40. b4 Rxf5 41.
exf5 Rxe3 42. c5 Kf7 43. c6 Re8 44. Ra1 Kf6 45. Rxa6 Ke5 46. b5 Kxd5 47. c7 Ke4
48. b6 Kf3 49. Ra1 1-0

[Event "Leicester H E Atkins Mem"]
[Site "Leicester"]
[Date "2010.10.03"]
[Round "4"]
[White "Messam-Sparks, Lateefah"]
[Black "Ropp, Wiatt"]
[Result "0-1"]
[WhiteElo "1928"]
[BlackElo "1930"]
[PlyCount "120"]
[EventDate "2010.10.01"]
[EventType "swiss"]
[EventRounds "5"]
[EventCountry "ENG"]
[SourceTitle "BritBase"]
[Source "John Saunders"]
[SourceDate "2016.01.15"]
[SourceVersion "1"]
[SourceVersionDate "2016.01.15"]
[SourceQuality "1"]

1. d4 g6 2. c4 Bg7 3. e4 d6 4. Nc3 a6 5. Be3 Nd7 6. Qd2 c6 7. a4 Qa5 8. Rb1 Qc7
9. Be2 e6 10. h3 c5 11. dxc5 dxc5 12. Nf3 b6 13. Bf4 Ne5 14. Nxe5 Bxe5 15. Bxe5
Qxe5 16. Rd1 Qc7 17. O-O Bb7 18. Qd6 Rc8 19. Qxc7 Rxc7 20. Rd6 Bc6 21. Rfd1 Rc8
22. Bf3 Ne7 23. Kf1 O-O 24. Ke2 Rfe8 25. g4 g5 26. Ke3 Ng6 27. b3 Ne5 28. Be2
Ng6 29. Bf1 Kf8 30. Be2 Ke7 31. Bf1 Red8 32. Rxd8 Rxd8 33. Rxd8 Kxd8 34. Ne2
Ke7 35. Ng3 Kf6 36. Nh5+ Ke5 37. Ng3 Ne7 38. f3 Bd7 39. Ne2 Nc6 40. f4+ gxf4+
41. Nxf4 Nd4 42. Nd3+ Kf6 43. Nc1 Kg5 44. Bg2 f5 45. gxf5 exf5 46. Kf2 f4 47.
Bf1 Bc6 48. Bg2 h5 49. Bh1 Kh4 50. Bg2 Bd7 51. e5 Bf5 52. Ne2 Nxe2 53. Kxe2 Kg5
54. Kd2 Be6 55. Kd3 Kf5 56. h4 Kxe5 57. Bf3 Bg4 58. Bg2 Bd1 59. Kc3 f3 60. Bf1
Kf4 0-1

[Event "Leicester H E Atkins Mem"]
[Site "Leicester"]
[Date "2010.10.03"]
[Round "4"]
[White "Russell, Harry"]
[Black "Kingston, Ian S"]
[Result "1/2-1/2"]
[WhiteElo "2130"]
[BlackElo "1992"]
[PlyCount "46"]
[EventDate "2010.10.01"]
[EventType "swiss"]
[EventRounds "5"]
[EventCountry "ENG"]
[SourceTitle "BritBase"]
[Source "John Saunders"]
[SourceDate "2016.01.15"]
[SourceVersion "1"]
[SourceVersionDate "2016.01.15"]
[SourceQuality "1"]

1. d4 d5 2. Nf3 Nf6 3. Bf4 c5 4. e3 Nc6 5. c3 Qb6 6. Qb3 e6 7. Nbd2 Be7 8. h3
O-O 9. Bd3 c4 10. Qxb6 axb6 11. Bc2 b5 12. O-O b4 13. e4 bxc3 14. bxc3 Ra3 15.
Nb1 Ra7 16. Re1 Bd8 17. Bd6 Be7 18. Bxe7 Nxe7 19. e5 Ne8 20. Re2 Nc7 21. Bd1
Bd7 22. Rb2 Rfa8 23. Kf1 Bc6 1/2-1/2

[Event "Leicester H E Atkins Mem"]
[Site "Leicester"]
[Date "2010.10.03"]
[Round "4"]
[White "Sanders, Isaac B"]
[Black "Mladenov, Iliyan D"]
[Result "1/2-1/2"]
[WhiteElo "1989"]
[BlackElo "2210"]
[PlyCount "70"]
[EventDate "2010.10.01"]
[EventType "swiss"]
[EventRounds "5"]
[EventCountry "ENG"]
[SourceTitle "BritBase"]
[Source "John Saunders"]
[SourceDate "2016.01.15"]
[SourceVersion "1"]
[SourceVersionDate "2016.01.15"]
[SourceQuality "1"]

1. d4 c5 2. d5 e6 3. c4 exd5 4. cxd5 d6 5. e4 g6 6. Nc3 a6 7. a4 Bg7 8. f4 Ne7
9. Nf3 Bg4 10. Be3 f5 11. e5 dxe5 12. Bxc5 Nd7 13. Ba3 e4 14. h3 Bxf3 15. gxf3
Qa5 16. fxe4 fxe4 17. Qc2 Bxc3+ 18. bxc3 Nxd5 19. Qxe4+ Kf7 20. Bb4 Rhe8 21.
O-O-O Rxe4 22. Bxa5 N5f6 23. Rd4 Rc8 24. Kb2 Rxd4 25. cxd4 Nd5 26. Bd2 N7b6 27.
Kb3 Nd7 28. Bc4 N7f6 29. Re1 Re8 30. Re5 Rd8 31. f5 gxf5 32. Rxf5 Kg6 33. Rg5+
Kf7 34. Rf5 Kg6 35. Rg5+ Kf7 1/2-1/2

[Event "Leicester H E Atkins Mem"]
[Site "Leicester"]
[Date "2010.10.03"]
[Round "4"]
[White "Smith, Richard"]
[Black "McNally, Richard J E"]
[Result "0-1"]
[WhiteElo "1986"]
[BlackElo "1906"]
[PlyCount "124"]
[EventDate "2010.10.01"]
[EventType "swiss"]
[EventRounds "5"]
[EventCountry "ENG"]
[SourceTitle "BritBase"]
[Source "John Saunders"]
[SourceDate "2016.01.15"]
[SourceVersion "1"]
[SourceVersionDate "2016.01.15"]
[SourceQuality "1"]

1. e4 e5 2. Nf3 Nc6 3. Bc4 Nf6 4. d3 Bc5 5. O-O O-O 6. Bg5 h6 7. Bh4 d6 8. h3
Be6 9. Nbd2 Qd7 10. Bxf6 gxf6 11. Bxe6 fxe6 12. c3 Kh7 13. b4 Bb6 14. Nc4 Rg8
15. Nxb6 axb6 16. Kh1 Rg7 17. Qe2 Rag8 18. Rg1 Ne7 19. Nh4 Qe8 20. d4 Rg5 21.
Kh2 Kh8 22. a4 Ng6 23. Nxg6+ Qxg6 24. f3 Rg3 25. Qf2 Qg5 26. Rad1 Qh4 27. Rd2
Qf4 28. Kh1 R8g5 29. Rd3 Rh5 30. Qf1 Rh4 31. dxe5 fxe5 32. c4 Qg5 33. Kh2 Qf4
34. Kh1 Rg5 35. c5 bxc5 36. bxc5 Rgh5 37. cxd6 cxd6 38. Rxd6 Qg3 39. Rd8+ Kg7
40. Rd2 Kf6 41. a5 Rxh3+ 42. gxh3 Rxh3+ 43. Qxh3 Qxh3+ 44. Rh2 Qxf3+ 45. Rgg2
Qxe4 46. Rxh6+ Ke7 47. Rh5 Qe1+ 48. Kh2 Qxa5 49. Rh7+ Kd6 50. Rxb7 e4 51. Rbb2
Qe5+ 52. Kg1 e3 53. Kf1 Qf6+ 54. Ke1 Qc3+ 55. Kd1 Qd3+ 56. Ke1 Ke5 57. Rg5+ Kf4
58. Rgb5 Kf3 59. Rb8 Qc3+ 60. Kd1 e2+ 61. Rxe2 Qa1+ 62. Kd2 Qa2+ 0-1

[Event "Leicester H E Atkins Mem"]
[Site "Leicester"]
[Date "2010.10.03"]
[Round "4"]
[White "Webster, Richard J"]
[Black "Atako, Chino"]
[Result "1/2-1/2"]
[WhiteElo "1956"]
[BlackElo "2041"]
[PlyCount "92"]
[EventDate "2010.10.01"]
[EventType "swiss"]
[EventRounds "5"]
[EventCountry "ENG"]
[SourceTitle "BritBase"]
[Source "John Saunders"]
[SourceDate "2016.01.15"]
[SourceVersion "1"]
[SourceVersionDate "2016.01.15"]
[SourceQuality "1"]

1. c4 f5 2. g3 Nf6 3. Bg2 d6 4. Nc3 g6 5. d3 Bg7 6. e4 Nc6 7. Nge2 e5 8. f4 O-O
9. O-O Kh8 10. a3 Nd4 11. Ra2 c6 12. Kh1 Be6 13. b3 Qd7 14. Be3 Ng4 15. Bg1
Rae8 16. h3 Nh6 17. exf5 Nhxf5 18. Ne4 Nxe2 19. Rxe2 d5 20. g4 Nh4 21. Nc5 Qc8
22. Nxe6 Qxe6 23. cxd5 cxd5 24. fxe5 Nxg2 25. Kxg2 Rxf1 26. Qxf1 d4 27. Qf3
Qxb3 28. Bxd4 Qxa3 29. Rc2 Qa4 30. Rc4 Qa2+ 31. Kg3 Qa5 32. Rc5 Qe1+ 33. Kg2
Rf8 34. e6 Kg8 35. Rc8 Qd2+ 36. Kh1 Qe1+ 37. Kg2 Qxe6 38. Rxf8+ Bxf8 39. Qxb7
Qe2+ 40. Kg1 Qe1+ 41. Kg2 Qd2+ 42. Kg1 Qc1+ 43. Kg2 Qc2+ 44. Kg1 Qd1+ 45. Kg2
Qe2+ 46. Kg1 Qe1+ 1/2-1/2

[Event "Leicester H E Atkins Mem"]
[Site "Leicester"]
[Date "2010.10.03"]
[Round "4"]
[White "Xaxiris, E."]
[Black "Burke, Steven J"]
[Result "0-1"]
[WhiteElo "2090"]
[BlackElo "1970"]
[PlyCount "120"]
[EventDate "2010.10.01"]
[EventType "swiss"]
[EventRounds "5"]
[EventCountry "ENG"]
[SourceTitle "BritBase"]
[Source "John Saunders"]
[SourceDate "2016.01.15"]
[SourceVersion "1"]
[SourceVersionDate "2016.01.15"]
[SourceQuality "1"]

1. d4 f5 2. c4 Nf6 3. Nc3 e6 4. Nf3 Be7 5. e3 b6 6. Bd3 Bb7 7. b3 O-O 8. Bb2
Ne4 9. Qc2 Bb4 10. O-O-O Bxc3 11. Bxc3 Nxc3 12. Qxc3 Be4 13. Kb2 d6 14. c5 Nd7
15. cxd6 cxd6 16. Ba6 Nf6 17. Rc1 Nd5 18. Qc4 f4 19. Nd2 Bxg2 20. Rhg1 fxe3 21.
Rxg2 exd2 22. Rcg1 Rf7 23. Rg3 d1=Q 24. Rxd1 Rxf2+ 25. Ka1 Qc7 26. Rdg1 g6 27.
h4 Qxc4 28. bxc4 Nf4 29. Re1 Rf8 30. Bb7 Rd2 31. Ra3 Nd3 32. Rg1 a5 33. h5 Nb4
34. Be4 Rxd4 35. Bb1 Rf6 36. hxg6 hxg6 37. Bxg6 Kf8 38. Rh3 Rdf4 39. Rh8+ Ke7
40. Rh7+ Kd8 41. Bb1 Rf7 42. Rg8+ Kc7 43. Rhh8 Kc6 44. Rh6 e5 45. Rgg6 Rd4 46.
a3 Nd3 47. Rg8 Rc7 48. Bc2 Kc5 49. Rd8 e4 50. Re6 Kxc4 51. Rdxd6 Rxd6 52. Rxd6
b5 53. Kb1 Rc5 54. Ra6 a4 55. Re6 Kd4 56. Rh6 Re5 57. Bd1 Kc3 58. Rh2 e3 59.
Rc2+ Kd4 60. Rh2 Nf4 0-1